[Event "IECC O email"]
[Site "IECC email"]
[Date "2002.05.08"]
[Round "?"]
[White "Simon, Chris W"]
[Black "Lindholm, David"]
[Result "0-1"]
[WhiteElo "1400"]
[BlackElo "1300"]
[PlyCount "38"]
[EventDate "2002.??.??"]
[EventType "tourn (corr)"]
[EventRounds "6"]
[SourceTitle "Corr 2008"]
[Source "ChessBase"]
[SourceDate "2008.06.24"]
[SourceVersion "1"]
[SourceVersionDate "2008.06.24"]
[SourceQuality "1"]

1. e4 e5 2. Nc3 d6 3. Bc4 Nf6 4. Nf3 Be7 5. d3 Nc6 6. Ng5 0-0 7. b3 h6 8. Nf3 Na5 9. Nd2 c6 10. b4 Nxc4 11. Nxc4 d5 12. Nxe5 Bxb4 13. Bb2 d4 14. a3 dxc3 15. axb4 cxb2 16. Rb1 Qd4 17. Nc4 Nxe4 18. dxe4 Qxc4 19. Rxb2 Qc3+ 0-1